Ini adalah thread

Bibliographic Details
Main Author: Asrul Muzaffar Mohammed
Other Authors: Title
Format: Book
Published: Kuala Lumpur : WhiteCoat Group Sdn. Bhd. , 2020
Subjects:

MARC

LEADER 00000cam a2200000 7i4500
001 0000088129
005 20230125114743.0
008 220322
020 |a 9789671750964 
041 0 |a Malay 
090 0 0 |a 808.02   |b ASR 
100 0 |a Asrul Muzaffar Mohammed 
245 1 0 |a Ini adalah thread   |c Asrul Muzaffar Mohammed 
260 |a Kuala Lumpur :   |b WhiteCoat Group Sdn. Bhd. ,   |c 2020 
300 |a 224 p. ;   |c 17.7 cm. 
541 |c Purchased on 2021   |f E210247 EKM   |h RM30.00 
650 0 |a Authorship 
650 0 |a Creative writing 
700 0 |a Title 
999 |a 0001681285   |b Book   |c Adult Collection   |e Perbadanan Perpustakaan Awam Johor